Central Library OPAC University of Rajshahi

Heath Robinson : (Record no. 24101)

MARC details
000 -LEADER
fixed length control field 00810nam a2200265 4500
001 - CONTROL NUMBER
control field 24101
003 - CONTROL NUMBER IDENTIFIER
rucl marc code BD-RjUL
005 - DATE AND TIME OF LATEST TRANSACTION
control field 20211209001017.0
008 - FIXED-LENGTH DATA ELEMENTS--GENERAL INFORMATION
fixed length control field 140312s1973 enka b 001 0beng
020 ## - INTERNATIONAL STANDARD BOOK NUMBER
International Standard Book Number 0094592209
035 ## - SYSTEM CONTROL NUMBER
System control number (BD-RjUL)24167
040 ## - CATALOGING SOURCE
Original cataloging agency DLC
Transcribing agency DLC
Modifying agency DLC
-- BD-RjUL
Language of cataloging eng
041 ## - LANGUAGE CODE
Language code of text/sound track or separate title eng
082 00 - DEWEY DECIMAL CLASSIFICATION NUMBER
Classification number 741.5942
Author mark and year LEH 1973
100 1# - MAIN ENTRY--PERSONAL NAME
Personal name Lewis, John,
Dates associated with a name 1912-1996.
9 (RLIN) 74249
245 00 - TITLE STATEMENT
Title Heath Robinson :
Remainder of title artist and comic genius /
Statement of responsibility, etc. John Lewis. Introd. by Nicolas Bentley.
260 ## - PUBLICATION, DISTRIBUTION, ETC. (IMPRINT)
Place of publication, distribution, etc. London :
Name of publisher, distributor, etc. Constable,
Date of publication, distribution, etc. c1973.
300 ## - PHYSICAL DESCRIPTION
Pagination 223 p. :
Illustrations ill. (part col.) ;
Size 27 cm.
350 ## - PRICE (NR) (BK AM CF MU VM SE) [OBSOLETE]
Price £5.00
504 ## - BIBLIOGRAPHY, ETC. NOTE
Bibliography, etc Bibliography: p. 213-219. and index.
600 10 - SUBJECT ADDED ENTRY--PERSONAL NAME
Personal name Robinson, W. Heath
Fuller form of name (William Heath),
Dates associated with a name 1872-1944.
942 ## - ADDED ENTRY ELEMENTS (KOHA)
Source of classification or shelving scheme Dewey Decimal Classification
Koha item type Books
Holdings
Lost status Source of classification or shelving scheme Damaged status Not for loan Collection code Permanent Location Current Location Shelving location Date acquired Source of acquisition Cost, normal purchase price Total Checkouts Full call number Date last seen Copy number Koha item type
  Dewey Decimal Classification   Added to bundle Non-fiction Central Library, University of Rajshahi Central Library, University of Rajshahi Reading Room 09/06/1975 Jonathan ware & co. 5.00   741.5942 LEH 1973 12/03/2014 C-1 Books